| 000 | 00777nam a22001937a 4500 | ||
|---|---|---|---|
| 999 |
_c9442 _d9442 |
||
| 003 | AR-CdUCM | ||
| 008 | 190328b ||||| |||| 00| 0 spa d | ||
| 040 |
_aMUNICIPALIDAD PROVINCIAL DEL CUSCO _cBIBLIOTECA MUNICIPAL DEL CUSCO |
||
| 082 |
_a332 / _bM82 / 1941 |
||
| 100 |
_aMoll, Bruno _925628 |
||
| 245 | _aFinanzas y guerra / | ||
| 260 |
_aLima : _bLibreria Internacional del Perú, _c1941. |
||
| 300 |
_a154 páginas ; _c21 cm. |
||
| 505 | _aContenido : Los gastos públicos -- Los ingresos públicos -- La teoría del cubrimiento -- Las consecuencias del no-cumplimiento de las reglas ideales para cubrir los gastos -- Teorías erróneas sobre moneda y finanzas ... | ||
| 650 |
_aFinanzas _94496 |
||
| 650 |
_aGuerra Mundial _914440 |
||
| 942 |
_2ddc _cLIBROS |
||
| 945 | _azta | ||